000 00540nam a22001817a 4500
999 _c264110
_d264109
003 OSt
005 20240725102156.0
008 240725b xxu||||| |||| 00| 0 eng d
010 _a84072878
020 _a 0307020266
040 _cDLC
050 _a PZ7.K943
_b Mi 1986
100 _aKrugman, Karen.
245 _a The missing wedding dress, featuring Barbie /
_c by Karen Krugman ; illustrated by Laura Westlake.
260 _aNew York :
_b Golden Book,
_c c1986.
300 _a [24] p. :
_bcol. ill. ;
_c21 cm.
942 _2lcc
_cBK